000 00687 a2200229 4500
005 20260413124458.0
008 260413b |||||||| |||| 00| 0 eng d
020 _a9788119533435 (pbk)
037 _cTB
040 _aCRL
_cCRL
041 _2URD
_aURD
084 _aO168,3NABx R4
_qCRL
100 _aMohammad Abbas
_91115246
245 _aMitr Shah Baalu
260 _aDelhi, India:
_bArshia Publications,
_c2024.
300 _a143p.
365 _b250.00
_cINR
650 _aUrdu Literature
650 _aUrdu Fiction
942 _cTB
_2CC
_hO168,3NABx R4
999 _c1679335
_d1679335